Maladies a déclaration obligatoires - Statistiques

Statistiques générales
  • Ce quiz a été pris 191 fois
  • Le résultat moyen est 10 sur 33
Statistiques - réponses
Hint Réponse % Correct
Tuberculose
63%
Rougeole
61%
VIH
58%
Paludisme
54%
Tétanos
54%
Peste
51%
Rage
51%
Rubéole
49%
Fièvre jaune
40%
Arbovirose Dengue
39%
Choléra
35%
Diphtérie
32%
Poliomyélite
32%
Arbovirose Chikungunya
31%
Zika
31%
Non infectieux Saturnisme
29%
Neurotoxine Botulisme
26%
Méningocoque
21%
Listériose
18%
Non infectieux Mésothéliome
18%
VHB
18%
Zoonose Brucellose
17%
Fièvre typhoïde
17%
Légionellose
16%
TIAC
16%
Zoonose Charbon
15%
VHA
15%
Zoonose (lièvre) Tularémie
13%
Creutzfeld Jakob
12%
Fièvre hémorragique africaine
8%
Parasitose Bilharziose
7%
Orthopoxvirus
5%
Rickettsiose Typhus exanthématique
5%
Aucun quiz correspondant
Distribution des résultats
% des personnes avec chaque résultat
Percentile par nombre de réponses
Votre historique - résultats
Vous n’avez pas pris ce quiz